| 000 | 00411nam a22001577a 4500 | ||
|---|---|---|---|
| 003 | macl | ||
| 005 | 20230328124021.0 | ||
| 008 | 230328b |||||||| |||| 00| 0 eng d | ||
| 040 | _cmacl | ||
| 050 | _a891.433/PRE | ||
| 100 |
_aAmratray _981867 |
||
| 245 | _aमंजूषा | ||
| 260 |
_aदिल्ली _bहंस प्रकाशन _c2021 |
||
| 650 | _aकहानिया | ||
| 942 |
_2ddc _cHIN |
||
| 999 |
_c66052 _d66052 |
||